01752 a2200217 45000010006000000050017000060080041000230030015000640400040000790800083001192450099002020200022003012640096003233000019004195050922004380410008013601000021013687000018013897000028014078560099014354514920260407155726.0260407a2017 arg spa dAR-UNSa-BCEJYS aAR-UNSa-BCEJYSbspacAR-UNSa-BCEJYS a338.45xIndustria como sector económico. Producción comercial, industrial 10aManufactura y cambio estructuralpaportes para pensar la política industrial en la Argentina a978-92-1-121967-8 1aSantiago de Chile :bCEPAL (Comisión Económica para América Latina y el Caribe)c2017 a330 p.c22 cm. a1. ¿De qué hablamos cuando hablamos de cambio estructural? / Florencia Barletta y Gabriel Yoguel – 2. ¿De qué hablamos cuando hablamos de política industrial? / Pablo Lavarello – 3. La industria manufacturera argentina y su encrucijada / Martín Abeles y Anahí amar – 4. La política industrial en la Argentina durante la década de 2000 / Pablo Lavarello, Marianella Sarabia – 5. El complejo productivo de bienes de capital: entre el carácter estratégico, la expansión y los límites estructurales / Fernando Peirano, Carolina Carregal, M. Alejandro Peirano – 6. El sector biofarmacéutico: desafíos de política para una industria basada en la ciencia / Graciela E. Gutman y Pablo Lavarello – 7. La industria del software: la generación de capacidades tecnológicas y el desafío de elevar la productividad sistémica / Jorge Motta, Hernán Moreno y Carina Borrastero -  aspa1 aAbeles, Martín1 aCimoli, Mario1 aLavarello, Pablo José41uhttps://www.biblioeco.unsa.edu.ar/pmb/images/libros/L127079.jpgyImagen de portadaqimage/jpeg